Statistics for Ancestry of Australian

Click here to take the quiz!

General Stats

  • This quiz has been taken 56 times
  • The average score is 12 of 15

Answer Stats

Total ResponsesAncestry% Correct
8,385,924 English
96%
1,390,637 Chinese
93%
1,026,135 German
93%
783,958 Indian
93%
2,410,842 Irish
91%
1,108,364 Italian
91%
2,176,772 Scottish
84%
424,750 Greek
76%
7,596,756 Australian
73%
408,836 Filipino
71%
381,946 Dutch
69%
334,781 Vietnamese
69%
209,284 Polish
58%
741,311 Australian Aboriginal
56%
248,434 Lebanese
40%

Score Distribution

Percentile by Number Answered

Percent of People with Each Score

Your Score History

You have not taken this quiz